000 00678nam a2200193Ia 4500
005 20250923145344.0
008 008 250917s9999 xx 000 0 eng d
037 _aTextual
040 _aDSWL
_beng
_cDSWL
041 _aeng
_2eng
084 _aYX,zf4;5.25282'N5, N61
_qDSWL
100 _aHasan, S.Z.
_9834418
245 0 _aReport of the survey of the Socio economic condition and the problems of the behind in the city of Gorakh Pur
_c by S.Z. Hasan
260 _aLucknow
_bJ.K. Inst.. of Social & Human Relation
_c1961
300 _a194p.
700 _a M.R. Ahmad
_9834419
942 _cTEXL
_hYX,zf4;5.25282'N5, N61
999 _c1450379
_d1450379